| 000 | 00629nam a2200181 i 4500 | ||
|---|---|---|---|
| 001 | bg | ||
| 245 | 0 | 0 |
_aWoda - ścieki - odpady w środowisku : _bbiologiczne przetwarzanie stałych odpadów organicznych : VII konferencja naukowo-techniczna, [dokument elektroniczny] / _cUniwersytet Zielonogórski. |
| 260 |
_aZielona Góra : _bUZ, _c2004. |
||
| 300 | _a1 dysk optyczny [CD-ROM]. | ||
| 650 | 9 | _aOdpady organiczne | |
| 655 | _aMateriały konferencyjne | ||
| 710 | 0 | _aUniwersytet Zielonogórski | |
| 040 | _cBPK | ||
| 041 | 0 | _apol | |
| 080 | _a628.4:504.05](061) | ||
| 942 | _cCD | ||
| 008 | s pl f |000 0 pol | ||
| 999 |
_c24050 _d24050 |
||
| 856 |
_uhttp://koha.tu.koszalin.pl/cgi-bin/koha/opac-detail.pl?biblionumber=24050 _yKatalog online BPK |
||